000 01414nam a2200349Ic 4500
001 59927
003 CO-BoRNBP
005 20251112150834.0
007 ta
008 210826r20162017ck er 000 0dspa d
020 _a9789588912936
040 _aCO-BoRNBP
_bspa
_erda
_cCO-BoRNBP
041 0 _aspa
043 _as-ck---
082 0 4 _a364.1323
_bR61c
_222
100 _aRobledo Castillo, Jorge Enrique,
_d1949-
_eaut
_967206
245 1 3 _aLa corrupción en el poder :
_by el poder de la corrupción en Colombia /
_cJorge Enrique Robledo.
250 _aPrimera edición
_bPrimera reimpresión
264 1 _aBogotá, Colombia :
_bPenguin Random House,
_c2017
300 _a120 páginas
336 _atexto
_btxt
_2rdacontent
337 _asin mediación
_bn
_2rdamedia
338 _avolumen
_bnc
_2rdacarrier
500 _aEl material correspondiente a la dotación PNLB 2022, corresponde a la edición de 2016
505 1 _aDe hacerle la trampa a la ley... a incluir la trampa en la ley -- Reficar -- Ley Urrutia - Zidres -- Isagén -- Saludcoop -- Trasmilenio y metro
521 _aRecomendado para un público adulto
545 _aIncluye datos biográficos del autor en la solapa
650 0 7 _aCorrupción política
_zColombia
_vCd-rom
_2lemb
_967207
650 0 7 _aDelitos de los funcionarios
_zColombia
_vCd-rom
_2lemb
_967208
650 0 7 _aFuncionarios públicos
_zColombia
_2lemb
_967209
942 _2ddc
_cBK
999 _c59927
_d59927